• 首页
  • 本馆介绍
  • 公告通知
  • 最新文献
  • 馆藏检索
  • 电子资源
  • 读者导购
  • 参考咨询
  • 我的图书馆
  • 登录
  • 详细信息显示
  • 放入我的书架
  • 预约/预借图书
  • 作者相关作品
  • 分类相关作品
  • 丛书相关作品
  • 出版社相关作品

书目信息

  • 表格格式
  • 工作单格式
  • 卡片格式
题名:
泰戈尔诗文鉴赏辞典
    
 
作者: ;上海辞书出版社 编
分册:  
出版信息: 上海   上海辞书出版社  2015
页数: 238页
开本: 21cm
丛书名: 外国文学名家名作鉴赏辞典系列
单 册:
中图分类: I351.065-61
科图分类:
主题词: 文学欣赏--wen xue xin shang--印度--现代--词典
电子资源:
ISBN: 978-7-5326-4486-5
000 01259nam 2200265 450
001 1755331836
005 20161207151528.0
010    @a978-7-5326-4486-5@dCNY28.00
100    @a20160113d2015 em y0chiy50 ea
101 0  @achi
102    @aCN@b310000
105    @ay e 000yy
106    @ar
200 1  @a泰戈尔诗文鉴赏辞典@Atai ge er shi wen jian shang ci dian@f上海辞书出版社文学鉴赏辞典编纂中心编
210    @a上海@c上海辞书出版社@d2015
215    @a238页@d21cm
225 2  @a外国文学名家名作鉴赏辞典系列@Awai guo wen xue ming jia ming zuo jian shang ci dian xi lie@h第二辑
330    @a本书精选泰戈尔诗歌16首、小说5篇、戏剧3篇、散文5篇, 均系其代表作品, 采用冰心、白开元、董友忱等名家的权威译本。另请研究专家学者为每篇作品撰写鉴赏文章, 对作品的写作背景、思想内容、艺术手法等进行赏析, 实为打开泰戈尔文学宝藏的锁钥。
410  0 @12001 @a外国文学名家名作鉴赏辞典系列@h第二辑
600  1 @a泰戈尔@Atai ge er@g(Tagore, Rabindranath),@f1861-1941@x文学欣赏@j词典
606 0  @a文学欣赏@Awen xue xin shang@y印度@z现代@j词典
690    @aI351.065-61@v5
711 02 @a上海辞书出版社@Ashang hai ci shu chu ban she@b文学鉴赏辞典编纂中心@Bwen xue jian shang ci dian bian zuan zhong xin@4编
801  0 @aCN@b三新书业@c20160113
905    @aBZT@dI351.065-61@e1
    
    泰戈尔诗文鉴赏辞典/上海辞书出版社文学鉴赏辞典编纂中心编.-上海:上海辞书出版社,2015
    238页;21cm.-(外国文学名家名作鉴赏辞典系列.第二辑)
    
    
    ISBN 978-7-5326-4486-5:CNY28.00
    本书精选泰戈尔诗歌16首、小说5篇、戏剧3篇、散文5篇, 均系其代表作品, 采用冰心、白开元、董友忱等名家的权威译本。另请研究专家学者为每篇作品撰写鉴赏文章, 对作品的写作背景、思想内容、艺术手法等进行赏析, 实为打开泰戈尔文学宝藏的锁钥。
●
相关链接 在五车中查询图书 在当当中查询图书 在豆瓣中查询图书


正题名:泰戈尔诗文鉴赏辞典     索取号:I351.065-61/1         预约/预借

序号 登录号 条形码 馆藏地/架位号 状态 备注
1 828785   2000828785   第一书库/ [索取号:I351.065-61/1] 在馆    
2 828786   2000828786   第一书库/ [索取号:I351.065-61/1] 在馆    
3 828787   2000828787   第一书库/ [索取号:I351.065-61/1] 在馆    
山东省滨州职业学院图书馆 欢迎您!
大连网信软件有限公司© 版权所有